00337nam a2200109Ia 4500008004100000082000800041100001700049245004500066942000600111952009500117999001500212240331s9999 xx 000 0 und d bSEL aSelvadurai,S 0aCinnamon gardens :bauthor of funney bay cL 001040708LaWERCLbWERCLcSSCd2024-03-31l0o 823 SELp6605r2024-03-31w2024-03-31yL c5385d5385